Central Library OPAC University of Rajshahi

Overcoming rural underdevelopment : (Record no. 3526)

MARC details
000 -LEADER
fixed length control field 01347cam a2200325 i 4500
001 - CONTROL NUMBER
control field 3526
003 - CONTROL NUMBER IDENTIFIER
rucl marc code BD-RjUL
005 - DATE AND TIME OF LATEST TRANSACTION
control field 20211208233739.0
008 - FIXED-LENGTH DATA ELEMENTS--GENERAL INFORMATION
fixed length control field 131219r19811979sz i100 0 eng d
020 ## - INTERNATIONAL STANDARD BOOK NUMBER
International Standard Book Number 9221021491 (pbk.) :
035 ## - SYSTEM CONTROL NUMBER
System control number (BD-RjUL)3560
040 ## - CATALOGING SOURCE
Original cataloging agency DLC
Transcribing agency DLC
Modifying agency DLC
-- 1979
Language of cataloging eng
041 ## - LANGUAGE CODE
Language code of text/sound track or separate title eng
082 00 - DEWEY DECIMAL CLASSIFICATION NUMBER
Classification number 307.7209678
Edition number 19
Author mark and year OVE 1981
111 2# - MAIN ENTRY--MEETING NAME
Meeting name or jurisdiction name as entry element Workshop on Alternative Agrarian Systems and Rural Development
Date of meeting (1979 :
Location of meeting Arusha, Tanzania)
9 (RLIN) 11138
245 10 - TITLE STATEMENT
Title Overcoming rural underdevelopment :
Remainder of title proceedings of a Workshop on Alternative Agrarian Systems and Rural Development, Arusha, Tanzania, 4-14 April, 1979 /
Statement of responsibility, etc. edited by Dharam Ghai ... [et. al.].
260 ## - PUBLICATION, DISTRIBUTION, ETC. (IMPRINT)
Place of publication, distribution, etc. Geneva :
Name of publisher, distributor, etc. International Labour Off.,
Date of publication, distribution, etc. 1979 [reprinted 1981].
300 ## - PHYSICAL DESCRIPTION
Pagination vi, 98 p. ;
Size 24 cm.
500 ## - GENERAL NOTE
General note Sponsored by the University of Dar es Salaam and the International Labour Office.
650 #0 - SUBJECT ADDED ENTRY--TOPICAL TERM
Topical term or geographic name as entry element Rural development
Geographic subdivision Tanzania
General subdivision Congresses.
9 (RLIN) 11120
Topical term or geographic name as entry element Villages
Geographic subdivision Tanzania
General subdivision Congresses.
9 (RLIN) 11121
Topical term or geographic name as entry element Land tenure
Geographic subdivision Tanzania
General subdivision Congresses.
9 (RLIN) 11122
Topical term or geographic name as entry element Agriculture and state
Geographic subdivision Tanzania
General subdivision Congresses.
9 (RLIN) 11123
700 1# - ADDED ENTRY--PERSONAL NAME
Personal name Ghai, Dharam P.
710 2# - ADDED ENTRY--CORPORATE NAME
Corporate name or jurisdiction name as entry element University of Dar es Salaam.
9 (RLIN) 11125
Corporate name or jurisdiction name as entry element International Labour Office.
9 (RLIN) 8274
942 ## - ADDED ENTRY ELEMENTS (KOHA)
Source of classification or shelving scheme Dewey Decimal Classification
Koha item type Books
Holdings
Lost status Source of classification or shelving scheme Damaged status Not for loan Collection code Permanent Location Current Location Shelving location Date acquired Source of acquisition Cost, normal purchase price Total Checkouts Full call number Date last seen Copy number Koha item type
  Dewey Decimal Classification     Non-fiction Central Library, University of Rajshahi Central Library, University of Rajshahi   28/06/1982 Heffer 3.15   307.7209678 OVE 1981 19/12/2013 C-2 Books